Stav a perspektívy aplikácie elektrického tepla v drevárskej praxi

Bibliographic Details
Main Author: Makovíny, Ivan, 1945- (Author)
Format: Article
Language:Slovak
PhysicalDescription:Obr., tab.
ISSN:0012-6144
Subjects:

MARC

LEADER 00000nab a2200000 a 4500
001 vtls000694567
003 SK-MaSNL
005 20260305001055.0
008 250425c1999 xo 0 slo
015 |a SNBRB1999/05-14257 
035 |a CLN000046734 
035 |a urn:nbn:sk:snk-abf3fp 
035 |a (urnnbn)urn:nbn:sk:snk:ar-005apb 
035 |a (uuid)764361e3-d024-46c2-a262-f915555c527a 
040 |a SNKBUCL  |b slo  |c SNKBUCL  |e AACR2 
041 0 |a slo 
044 |a xo  |c SK 
080 |a 621.36:674  |2 1997 
080 |a 674  |2 1997 
100 1 |a Makovíny, Ivan,  |d 1945-  |4 aut  |9 105911 
245 1 0 |a Stav a perspektívy aplikácie elektrického tepla v drevárskej praxi  |c Ivan Makovíny 
300 |b Obr., tab. 
504 |a Res. angl., nem., rus. 
504 |a Bibliogr. odkazy 
650 0 7 |a priemysel drevársky  |x ohrev elektrický  |2 snkbucl  |9 1576073 
650 0 7 |a elektrický ohrev  |2 snkbucl  |9 261533 
655 7 |a články z novín a časopisov  |2 snkbucl  |9 267496 
773 0 |t Drevo  |g Roč. 54, č. 3 (1999), s. 59-63  |x 0012-6144 
850 |a Slovenská národná knižnica 
852 |a Slovenská národná knižnica 
954 |a odborná, vedecká literatúra pôvodná (slovenská)  |2 lita 
958 |a article27 
958 |a NB 
958 |a OND 
958 |a EUIPO 
992 |a RBX 
999 |c 3217413  |d 3219343